| 000 | 00536nam a22002057a 4500 | ||
|---|---|---|---|
| 999 |
_c6318 _d6318 |
||
| 003 | OSt | ||
| 005 | 20190917170330.0 | ||
| 008 | 190917b ||||| |||| 00| 0 eng d | ||
| 020 | _a 8126143649 | ||
| 020 | _a9788126142583 | ||
| 040 | _cDNLM | ||
| 082 | _aQV25 G93l 2010 | ||
| 100 |
_aGupta, Rakesh _912939 |
||
| 245 | _aLaboratory Manual of Physical Pharmacy | ||
| 260 |
_aNew Delhi; _bANMOL, _c2010 |
||
| 300 |
_a296p; _bill: _c22cm |
||
| 505 | _aIndex included | ||
| 650 |
_aLaboratory manual pharmacy _912940 |
||
| 942 |
_2z _cB_BANK |
||